00440 2200157 4500245011100000250001100111100001800122700001900140650002800159005001900187260001900206041001400225084001100239300002300250336000900273 aKamus Lengkap Inggris - Indonesia Indonesia - Inggris dengan Ejaan yang DisempurnakancS. WojowasitohText aCet. 1 aS. Wojowasito aTito Wasito W. aKamus Inggris Indonesia a20230510100448 aJakartabHasta aIndonesia a413.21 a329 hlm. :c20 cm. atext